| 000 | 00534 a2200145 4500 | ||
|---|---|---|---|
| 082 | _aBEE-3 | ||
| 100 |
_aAli Javed _993230 |
||
| 245 |
_aDigital weather station _cAli Javed & M. Usman Sattar |
||
| 260 |
_aIslamabad : _bNUST School of Electrical Engineering & Computer Science, _c2010. |
||
| 300 |
_a84 p. : _bill. ; _c27 cm. + _e1CD ROM |
||
| 500 | _aSupervisors : Mr. Muhammad Bilal, Mr. Arshad Nazir. | ||
| 700 |
_aM. Usman Sattar _993231 |
||
| 856 | _uhttp://10.250.8.41:8080/xmlui/handle/123456789/5816 | ||
| 942 |
_cPR _kBEE-3 ALI _2ddc |
||
| 999 |
_c10208 _d10208 |
||